|
|
|
|
| LEADER |
00000nab#a22000007a#4500 |
| 001 |
arbauad004116 |
| 003 |
AR-BaUAD |
| 005 |
20250711110622.0 |
| 008 |
940414|||||||||###||||||b###|0###a|spa|| |
| 040 |
|
|
|a AR-BaUAD
|c AR-BaUAD
|b spa
|
| 245 |
1 |
0 |
|a Clínica Privada Colegiales
|
| 300 |
0 |
|
|b il., plantas, cortes
|
| 653 |
|
|
|a MOLINA Y VEDIA, JUAN
|
| 653 |
|
|
|a ARQUITECTURA HOSPITALARIA
|
| 653 |
|
|
|a HOSPITALES
|
| 653 |
|
|
|a BUENOS AIRES, CIUDAD
|
| 653 |
|
|
|a ARGENTINA
|
| 653 |
|
|
|a CLINICAS
|
| 653 |
|
|
|a COLEGIALES
|
| 773 |
0 |
|
|t SUMMA
|g no. 41 [sep. 1971], p. 64-65
|
| 942 |
|
|
|c ARTI
|
| 952 |
|
|
|0 0
|1 0
|4 0
|7 0
|9 49036
|a AR-BAuAD
|b AR-BAuAD
|d 2025-07-11
|l 0
|p AAQA004116
|r 2025-07-11 11:06:22
|w 2025-07-11
|y ARTI
|
| 990 |
|
|
|a AQ197
|b TD
|
| 998 |
|
|
|a AAQ
|b BIBUN76
|
| 999 |
|
|
|c 28709
|d 28709
|